000 00683nam a2200217Ii 4500
003 JO-AjNU
008 230605s9999||||xx |||||||||||||| ||und||
017 _a2007/4/931
040 _aJO-AjNU
_bara
_erda
_cJO-AjNU
041 _aara
050 1 4 _aRJ506.A4584 2008
100 3 _aعامر ، طارق,
_eauthor
_926112
245 0 0 _aالطفل التوحدي
250 _aط1
264 3 1 _aعمان:دار اليازوري للنشر ، 2008
300 _a224ص
336 _atext
_btxt
_2rdacontent
337 _aunmediated
_bn
_2rdamedia
338 _avolume
_bnc
_2rdacarrier
650 4 _aالتوحد عند الاطفال-الاطفال المعوقون- تعليم
_926113
999 _aA9853
_c13421
_d13421